书目信息 |
| 题名: |
汇编语言程序设计实验指导及习题集
|
|
| 作者: | 吴向军 著 | |
| 分册: | ||
| 出版信息: | 北京 高等教育出版社 2004.06 |
|
| 页数: | 238页 | |
| 开本: | 24cm | |
| 丛书名: | 新世纪网络课程教材 | |
| 单 册: | ||
| 中图分类: | TP313 , TP313-33 | |
| 科图分类: | ||
| 主题词: | 汇编语言--hui bian yu yan--程序设计--实验--高等学校--教学参考资料 | |
| 电子资源: | ||
| ISBN: | 7-04-014237-6 | |
| 000 | 01005nam 2200313 450 | |
| 001 | CAL 012005015739 | |
| 005 | 20050630164108.82 | |
| 010 | @a7-04-014237-6@dCNY 19.50 | |
| 099 | @aCAL 012005015739 | |
| 100 | @a20050223d2004 ekmy0chiy0121 ea | |
| 101 | 0 | @achi |
| 102 | @aCN@b110000 | |
| 105 | @aak a 000yy | |
| 200 | 1 | @a汇编语言程序设计实验指导及习题集@Ahui bian yu yan cheng xu she ji shi yan zhi dao ji xi ti ji@f吴向军等编著@Fwu xiang jun deng bian zhu |
| 210 | @a北京@c高等教育出版社@d2004.06 | |
| 215 | @a238页@c图@d24cm | |
| 225 | 2 | @a新世纪网络课程教材@AXin Shi Ji Wang Luo Ke Cheng Jiao Cai |
| 320 | @a有书目 | |
| 410 | 0 | @12001 @a新世纪网络课程教材 |
| 606 | 0 | @a汇编语言@Ahui bian yu yan@x程序设计@x实验@x高等学校@j教学参考资料 |
| 690 | @aTP313@v4 | |
| 690 | @aTP313-33@v3 | |
| 701 | 0 | @a吴向军@Awu xiang jun@4著@4编著 |
| 701 | 0 | @4著 |
| 701 | 0 | @4著 |
| 801 | 0 | @aCN@bXMU@c20050630 |
| 801 | 2 | @aCN@bSDUL@c20050318 |
| 905 | @a10447@dTP313-33@eW890 | |
| 998 | @aXMU | |
| 汇编语言程序设计实验指导及习题集/吴向军等编著.-北京:高等教育出版社,2004.06 |
| 238页:图;24cm.-(新世纪网络课程教材) |
| ISBN 7-04-014237-6:CNY 19.50 |
| ● |
| 相关链接 |
|
|
|
正题名:汇编语言程序设计实验指导及习题集
索取号:TP313-33/W890
 
预约/预借
| 序号 | 登录号 | 条形码 | 馆藏地/架位号 | 状态 | 备注 |
| 1 | 538275 | 205382753 | 自科二线404/404自科库 12排5列4层/ [索取号:TP313-33/W890] | 在馆 | |
| 2 | 538276 | 205382762 | 自科库301/301自科库 50排6列3层/ [索取号:TP313-33/W890] | 在馆 | |
| 3 | 538277 | 205382771 | 自科库301/301自科库 50排6列3层/ [索取号:TP313-33/W890] | 在馆 |